| 000 | 00410nam a22001817a 4500 | ||
|---|---|---|---|
| 008 | 240506b |||||||| |||| 00| 0 eng d | ||
| 020 | _a9788189798208 | ||
| 040 | _a30 | ||
| 082 | _a615.5 SHA | ||
| 100 | _aSHASTRI , AMBIKADUTT | ||
| 110 | _bAYURVEDA | ||
| 245 | _aSUSRUTA SAMHITA VOL-2 | ||
| 250 | _a1 ST | ||
| 260 |
_aVARANASI _bCHAUKHAMBA _c2023 |
||
| 300 | _a702 | ||
| 650 | _aSAMHITA | ||
| 942 | _c01 | ||
| 999 |
_c58758 _d58758 |
||